Proceedings of the workshop on establishment of legal services, clinics & legal cells in universities & law colleges (Record no. 1151209)

MARC details
000 -LEADER
fixed length control field 00672nam a2200217Ia 4500
003 - CONTROL NUMBER IDENTIFIER
control field OSt
005 - DATE AND TIME OF LATEST TRANSACTION
control field 20221007074120.0
008 - FIXED-LENGTH DATA ELEMENTS--GENERAL INFORMATION
fixed length control field 221006b |||||||| |||| 00| 0 eng d
037 ## - SOURCE OF ACQUISITION
Terms of availability Reports / Technical Reports
040 ## - CATALOGING SOURCE
Original cataloging agency FLL
Transcribing agency FLL
Language of cataloging eng
041 ## - LANGUAGE CODE
Source of code eng
Language code of text/sound track or separate title eng
245 #0 - TITLE STATEMENT
Title Proceedings of the workshop on establishment of legal services, clinics & legal cells in universities & law colleges
260 ## - PUBLICATION, DISTRIBUTION, ETC.
Place of publication, distribution, etc. Lucknow
Name of publisher, distributor, etc. U.P. Legal Aid & Advice Board India
Date of publication, distribution, etc. 1981
300 ## - PHYSICAL DESCRIPTION
Extent 10p
Dimensions cm.
942 ## - ADDED ENTRY ELEMENTS (KOHA)
Classification part Zb4, M1
Koha item type Reports
Source of classification or shelving scheme Colon Classification (CC)
Holdings
Withdrawn status Lost status Source of classification or shelving scheme Damaged status Not for loan Home library Current library Date acquired Total Checkouts Full call number Barcode Date last seen Price effective from Koha item type
    Colon Classification (CC)     Faculty of Law Library Faculty of Law Library 2022-10-07   Zb4 M1 LL0759671 2022-10-07 2022-10-07 Reports
Copyright @ Delhi University Library System